000 01578 a2200289 4500
020 _a0333625579
020 _a9780333625576
090 _c476
_d476
100 1 _aSwift, Louise.
245 1 0 _aMathematics and statistics for business, management and finance /
_cLouise Swift.
260 _a[S.l.] :
_bPalgrave Macmillan,
_c1997.
300 _a944 p. ;
_c25 cm.
500 _aPaperback.
520 _aThis new text presents Mathematics and Statistics in a user friendly approach designed to meet the needs of students taking introductory courses in business, accountancy, finance and economics. A section is included to support students with weaker or rusty mathematics and provide additional reinforcement for stronger students. Every topic is illustrated using a selection of applications from business, management and finance. The text includes accessible treatment of all the ideas and concepts relevant to students in these areas of study.
650 4 _aScience & Mathematics: Textbooks & Study Guides.
650 4 _aBusiness & Management.
650 4 _aBusiness mathematics & systems.
650 4 _aEconomic statistics.
650 4 _aMathematics.
650 4 _aBUSINESS & ECONOMICS / Business Mathematics.
650 4 _aBUSINESS & ECONOMICS / Statistics.
650 4 _aMathematics / General.
650 4 _aStatistical mathematics.
856 4 0 _3Amazon.com
_uhttp://www.amazon.com/exec/obidos/ASIN/0333625579/chopaconline-20
856 4 0 _3Amazon customer reviews
_uhttp://www.chopac.org/cgi-bin/tools/azrev.pl?q=0333625579
942 _aNBS
_cBK
_k519.5 SWI
999 _c343035
_d343035